000 00319nam a2200157Ia 4500
100 _aNaidu/D Subbaram
650 _aControl Systems
942 _cBK
366 _f20
654 _aoptimal
245 _aOptimal control systems
260 _bCRC Press
_c2003
082 _bNAI
300 _a433
546 _aENGLISH
999 _c31247
_d31247